000
00193 a2200097 4500
001
41352
100
_a
Jane,
245
_a
Fighting ship
260
_a
London
_b
Jane's
_c
090
_c
25532
_d
25532
942
_a
NUST-CAE
_c
M
_c
17261
999
_c
276425
_d
276425